Dirigibles y aeroplanos /

Guardado en:
Autor Principal: Moreno Caracciolo, M.
Formato: Libro
Publicado: Madrid : Calpe, 1922
Materias:
Etiquetas: Agregar Etiqueta
Sin Etiquetas, Sea el primero en etiquetar este registro!
LEADER 00703nam a22001695a 4500
001 CEM.cems004526
005 20060216000000.0
008 130507s1922##################000#0#####d
003 CEMS
082 0 4 |a 629.132 
100 1 |a Moreno Caracciolo, M. 
245 1 0 |a Dirigibles y aeroplanos / 
260 |a Madrid :  |b Calpe,  |c 1922 
300 |a 92 p. 
505 0 |a Los m'todos quim'ricos.-Principios de autopropulsi¢n.-Combustibles qu¡micos.-Relaci¢n de masa y trayectorias espaciales.-Autopropulsi¢n no qu¡mica.-Problemas fisiol¢gicos.-Los sat'lites artificiales.-Los planetas por explorar.-Aplicaciónes a la astron utica 
653 |a Aerodinamica 
859 |a CEMS  |b BIB. CEMS - 11 de abril  |h 629.132  |i M815  |p 865.73  |t Ej.1